Educando en poesía: 19 ensayos
Bewaard in:
| Hoofdauteur: | |
|---|---|
| Formaat: | Boek |
| Taal: | Spaans |
| Gepubliceerd in: |
Santiago
Universidad de Las Américas
2007
|
| Onderwerpen: | |
| Tags: |
Voeg label toe
Geen labels, Wees de eerste die dit record labelt!
|
MARC
| LEADER | 00000cam a2200000 a 4500 | ||
|---|---|---|---|
| 001 | UCG8989 | ||
| 003 | CL-VaPUC | ||
| 008 | 120120e20070000CL |||||||||||||||||spa|d | ||
| 020 | |a 9789568695002 | ||
| 082 | 0 | 4 | |a 860 |b SCH |2 21 |
| 100 | 0 | |a Schröder Quiroga, José Enrique |e author |9 560312 | |
| 245 | 1 | 0 | |a Educando en poesía: 19 ensayos |
| 300 | |a 205 p | ||
| 942 | |c BK | ||
| 945 | |d 20120120 00:00:00 |a cmena | ||
| 260 | |a Santiago |b Universidad de Las Américas |c 2007 | ||
| 650 | 7 | |a ENSAYOS HISPANOAMERICANOS |2 CL-VaPUC |9 269402 | |
| 650 | 7 | |a POESIA HISPANOAMERICANA |2 CL-VaPUC |9 267889 | |
| 583 | |a last modification |c 20120126 02:12:59 |k Rodrigo Vera | ||
| 999 | |c 346574 |d 346572 | ||
| 952 | |0 0 |1 0 |4 0 |6 860_000000000000000_SCH_2007 |7 0 |8 C |9 447316 |a BIBCUR |b BIBCUR |d 2019-11-22 |i 4792971 |o 860 SCH 2007 |p 4792971 |r 2025-04-22 |w 2019-11-22 |y BK |k CAC | ||